000 03967cas a2200781 a 4500
001 data
005 20260322212117.0
008 data
010 _a 59043947
016 7 _a18320250R
_2DNLM
016 7 _aT23620000
_2DNLM
016 7 _a009178181
_2Uk
019 _a3996192
022 _a0371-9316
023 0 _a0371-9316
029 1 _aAU@
_b000009426665
029 1 _aNLM
_b18320250R
030 _aTLOEAU
035 _a(OCoLC)1755777
040 _aDLC
_beng
_cMUL
_dOCLCQ
_dSER
_dDLC
_dCRL
_dNLM
_dOCLCQ
_dUKMGB
_dOCLCQ
_dOCLCF
_dOCLCO
_dOCLCQ
_dOCLCO
_dOCLCA
_dOCLCQ
_dOCLCL
_dOCLCQ
042 _apcc
050 0 0 _aQ60
_b.L48
060 0 0 _aW1
_bLE828
066 _c(N
245 0 0 _6880-01
_aTrudy Leningradskogo obshchestva estestvoispytateleĭ =
_bTravaux de la Société des naturalistes de Leningrad.
246 1 _iIssues for <1961-> have English title:
_aTransactions of the Leningrad Society of Naturalists
246 3 1 _aTravaux de la Société des naturalistes de Leningrad
246 1 3 _6880-02
_aTrudy LOE
260 _6880-03
_aLeningrad :
_bGosudarstvennoe izd-vo,
_c1924-
300 _avolumes :
_billustrations ;
_c22-26 cm
310 _aIrregular
336 _atext
_btxt
_2rdacontent
337 _aunmediated
_bn
_2rdamedia
338 _avolume
_bnc
_2rdacarrier
362 0 _6880-04
_aT. 53, vyp. 2-
362 1 _aCeased in 1991.
500 _aTitle from cover.
500 _6880-05
_aEach "vyp." devoted to a particular section of the Society and called: Otdelenie zoologii i fiziologii, Otdelenie geologii i mineralogii, and: Otdelenie botaniki; in addition, one "vyp." each year is devoted to the Society's meetings and called: Protokoly zasedaniĭ, nauchnye statʹi i soobshchenii͡a.
510 2 _aChemical abstracts
_x0009-2258
515 _aSome "vyp." issued out of chronological sequence.
515 _aSome "vyp." have combined v.: e.g., T. 39-53, vyp. 4
530 _aAlso issued on microfilm from Harvard University Library Microreprographic Service.
588 1 _aT. 75, vyp. 3, published 1982.
650 0 _aScience.
650 2 _aScience.
650 7 _aScience.
_2fast
_0(OCoLC)fst01108176
655 2 _aPeriodical.
710 2 _aLeningradskoe obshchestvo estestvoispytateleĭ.
_1https://id.oclc.org/worldcat/entity/E39QH7Jmtgv9r4yBP7rj7cfmtg
730 0 _aProtokoly zasedaniĭ, nauchnye statʹi i soobshchenii͡a.
776 1 _cMicrofilm
_dHarvard University Library Microreprographic Service
_w(OCoLC)32019858
_w(OCoLC)32019858
776 0 8 _iOnline version:
_tTrudy Leningradskogo obshchestva estestvoispytateleĭ
_w(OCoLC)647452019
780 0 0 _tTrudy Petrogradskago obshchestva estestvoispytateleĭ
_w(OCoLC)35841231
_w(OCoLC)35841231
785 0 0 _tTrudy S.-Peterburgskogo obshchestva estestvoispytateleĭ
_w(OCoLC)28446465
880 0 0 _6245-01/(N
_a(NtRUDY(B (NlENINGRADSKOGO(B (NOB]ESTWA(B (NESTESTWOISPYTATELEJ(B =
_bTravaux de la Société des naturalistes de Leningrad.
880 1 3 _6246-02/(N
_a(NtRUDY(B (Nloe(B
880 _6260-03/(N
_a(NlENINGRAD(B :
_b(NgOSUDARSTWENNOE(B (NIZD(B-(NWO(B,
_c1924-
880 0 _6362-04/(N
_a(Nt(B. 53, (NWYP(B. 2-
880 _6500-05/(N
_aEach "vyp." devoted to a particular section of the Society and called: (NoTDELENIE(B (NZOOLOGII(B (NI(B (NFIZIOLOGII(B, (NoTDELENIE(B (NGEOLOGII(B (NI(B (NMINERALOGII(B, and: (NoTDELENIE(B (NBOTANIKI(B; in addition, one "vyp." each year is devoted to the Society's meetings and called: (NpROTOKOLY(B (NZASEDANIJ(B, (NNAU^NYE(B (NSTATXI(B (NI(B (NSOOB]ENIQ(B.
906 _a7
_bcbc
_cserials
_d3
_encip
_f19
_gn-oclcserc
590 _aSERBIB/SERLOC merged record
890 _aLeningradskoe obshchestvo estestvoispytateleĭ. Trudy. (Leningrad. 1870- .
_i59-43947
920 _aKeep 1
991 _bc-GenColl
_hQ60
_i.L48
_wSERIALS
991 _bc-GenColl
_hQ60
_i.L48
_p00002215287
_tCopy 1
_v7
_wCCF
991 _bc-GenColl
_hQ60
_i.L48
_p0001865085A
_tCopy 1
_v63-64:1-2
_wCCF
992 _bEUR RR
_wSERLOC
999 _c1766
_d1766